000
00315nam a2200145Ia 4500
100
_a
Chitode/J.S
942
_c
BK
654
_a
numerical
245
_a
Numerical techniques
260
_b
TECHNICAL PUBLICATIONS
_a
New Delhi
_c
2005
082
_a
513.5/CHI
_b
CHI
300
_a
616
546
_a
ENGLISH
999
_c
28767
_d
28767